Tänä päivänä Suomen historiassa - maaliskuu - Statistics

Yleistilastot
  • Tätä visaa on pelattu 94 kertaa
    91 viimeisimmän päivityksen jälkeen
  • Keskiarvotulos 16 / 30
Vastaustilastot
Päivämäärä Vuosi Vihje Vastaus % Oikein
5.3. 1918 Tämän maan armeija saapuu tukemaan valkoisia sisällissodassa Saksa
97%
8.3. 1558 Tämä länsisuomalainen rannikkokaupunki perustetaan Pori
84%
11.3. 1946 Tämä presidentti astui virkaansa J.K. Paasikivi
80%
7.3. 1931 Tämä rakennus vihitään käyttöön Helsingin Arkadianmäellä Eduskuntatalo
77%
12.3. 1940 39 ihmistä kuolee kahden tällaisen yhteentörmäyksessä Turengissa Juna
77%
1.3. 1954 Elintarvikkeiden säännöstely päättyy lopullisesti, kun tämän tuotteen myynti vapautetaan Kahvi
77%
2.3. 1932 Tämä presidentti pitää radiopuheen, jossa kehottaa kapinoivia lapualaisia hajaantumaan ja menemään koteihinsa P.E. Svinhufvud
76%
4.3. 1955 Asetus tämän vesinisäkkään rauhoittamisesta astuu voimaan Saimaannorppa
75%
19.3. 2003 23 ihmistä menehtyy tässä Suomen historian vakavimmassa tieliikenneonnettomuudessa Konginkankaan bussiturma
72%
6.3. 1988 Tämän viran ensimmäiset naispuoliset edustajat Suomessa vihitään virkaansa Pappi
72%
28.3. 1809 Valtiopäivät avataan tässä kaupungissa Porvoo
68%
15.3. 1882 Suomen ensimmäiset hehkulamput syttyvät tämän yhtiön tehtaalla Tampereella Finlayson
67%
3.3. 1989 Tämä rikollinen murhaa kaksi pikkutyttöä koko Suomea järkyttäneessä rikostapauksessa Jammu Siltavuori
67%
30.3. 1931 Elokuvasta "Sano se suomeksi" tulee ensimmäinen Suomessa tehty elokuva, jossa on tämä ominaisuus Ääni
61%
22.3. 1974 Seitsemän rannikkovaltiota allekirjoittaa Helsingissä sopimuksen tämän suojelemisesta Itämeri
60%
23.3. 1987 Tämän Suomessakin suositun saippuasarjan ensimmäinen jakso esitetään Yhdysvalloissa Kauniit ja rohkeat
60%
29.3. 1903 Tälle Suomen kenraalikuvernöörille myönnetään diktaattorin valtuudet Nikolai Bobrikov
59%
21.3. 2001 Tästä koomisesta poliisihahmosta parhaiten tunnettu näyttelijä Tenho Saurén kuolee Artturi Reinikainen
56%
25.3. 2001 Tämä liikkuvuutta edistävä eurooppalainen sopimus astuu voimaan Suomessa Schengenin sopimus
48%
24.3. 1852 Ensimmäinen suomalainen tällainen, Kaarle-kuninkaan metsästys, saa kantaesityksensä Helsingissä Ooppera
47%
10.3. 1915 Tämä Venäjän suuriruhtinas vierailee Helsingissä Nikolai II
44%
18.3. 1961 Tästä laulajasta tulee Suomen ensimmäinen edustaja Eurovision laulukilpailussa kappaleella Valoa ikkunassa Laila Kinnunen
43%
9.3. 1947 Naiset osallistuvat ensimmäistä kertaa näihin perinteikkäisiin kotimaisiin hiihtokisoihin Salpausselän kisat
36%
17.3. 2020 Koronavirusepidemian vuoksi tätä lakia sovelletaan ensimmäistä kertaa Suomen historiassa Valmiuslaki
29%
26.3. 1640 Tämän Suomen ensimmäisen yliopiston perustamisasiakirja allekirjoitetaan Turun akatemia
28%
16.3. 1961 Kuusi puoluetta muodostaa tämän liiton estääkseen presidentti Urho Kekkosen uudelleenvalinnan Honka-liitto
27%
27.3. 1917 Tämä myöhemmin Suomen itsenäisyyttä ajanut valtiollinen elin nimitetään Itsenäisyyssenaatti
24%
14.3. 1899 Noin 500 hengen lähetystö lähtee Helsingistä viemään tätä julkilausumaa Venäjän keisarille Pietariin Suuri adressi
15%
20.3. 1917 Tämän venäläisen johtama väliaikaishallitus peruu venäläistämistoimet Suomessa ja palauttaa autonomian Aleksandr Kerenski
12%
13.3. 1882 Tämä Lotta Svärd-järjestön pitkäaikainen johtaja syntyy Fanni Luukkonen
11%
Ehtoja vastaavia visoja ei löytynyt
Tulosjakauma
Jokaisen tuloksen saaneiden osuus
Persentiili vastausten määrän mukaan
Tuloshistoriasi
Et ole pelannut tätä visaa sen viimeisimmän päivityksen jälkeen